[Event "Torneio Nacional de Mestres e Honra"]
[Site "Centro de Estagio do Jamor"]
[Date "2019.08.14"]
[Round "2.1"]
[White "Ferreira, Hugo"]
[Black "Fidalgo, Daniel"]
[Result "1-0"]
[BlackElo "2089"]
[WhiteElo "2142"]
[WhiteTeam "Ferroviarios do Barreiro"]
[BlackTeam "Santoantoniense FC"]
[LiveChessVersion "1.4.8"]

1. d4 {[%clk 1:30:57]} Nf6 {[%clk 1:30:48]} 2. Bg5 {[%clk 1:31:20]} d5
{[%clk 1:31:07]} 3. Bxf6 {[%clk 1:29:25]} exf6 {[%clk 1:30:48]} 4. e3
{[%clk 1:29:43]} Bd6 {[%clk 1:29:29]} 5. g3 {[%clk 1:30:01]} O-O {[%clk 1:29:12]}
6. Bg2 {[%clk 1:30:13]} c6 {[%clk 1:29:09]} 7. c4 {[%clk 1:30:02]} dxc4
{[%clk 1:27:16]} 8. Nc3 {[%clk 1:29:41]} a6 {[%clk 1:24:43]} 9. Nge2
{[%clk 1:29:45]} b5 {[%clk 1:22:32]} 10. a4 {[%clk 1:29:36]} Bb7 {[%clk 1:22:17]}
11. axb5 {[%clk 1:28:29]} axb5 {[%clk 1:22:35]} 12. Nxb5 {[%clk 1:28:52]} Rxa1
{[%clk 1:21:26]} 13. Qxa1 {[%clk 1:29:16]} cxb5 {[%clk 1:21:46]} 14. Bxb7
{[%clk 1:29:41]} Qb6 {[%clk 1:21:58]} 15. Bf3 {[%clk 1:24:51]} Nc6
{[%clk 1:18:59]} 16. O-O {[%clk 1:25:01]} Na5 {[%clk 1:16:00]} 17. Qd1
{[%clk 1:16:10]} Nb3 {[%clk 1:11:30]} 18. Qc2 {[%clk 1:12:26]} g6
{[%clk 1:08:51]} 19. Nc3 {[%clk 1:10:56]} f5 {[%clk 1:07:13]} 20. Rd1
{[%clk 1:06:57]} Rd8 {[%clk 1:02:14]} 21. Nd5 {[%clk 1:00:23]} Qa5
{[%clk 1:02:07]} 22. Bg2 {[%clk 0:34:48]} Kg7 {[%clk 0:54:38]} 23. e4
{[%clk 0:27:20]} Qa7 {[%clk 0:47:09]} 24. exf5 {[%clk 0:16:59]} Nxd4
{[%clk 0:47:18]} 25. f6+ {[%clk 0:12:29]} Kg8 {[%clk 0:47:42]} 26. Qd2
{[%clk 0:12:24]} Ne6 {[%clk 0:46:19]} 27. Bh3 {[%clk 0:02:35]} Bf8
{[%clk 0:45:20]} 28. Bg2 Nc5 {[%clk 0:45:04]} 29. Qe3 {[%clk 0:00:36]} h5
{[%clk 0:41:09]} 30. Ne7+ {[%clk 0:00:39]} Bxe7 {[%clk 0:41:36]} 31. fxe7
{[%clk 0:00:32]} Rxd1+ {[%clk 0:28:25]} 32. Bf1 {[%clk 0:00:58]} Qxe7
{[%clk 0:28:24]} 33. Qxe7 {[%clk 0:01:23]} Ne6 {[%clk 0:28:38]} 34. Qe8+
{[%clk 0:01:30]} Kg7 {[%clk 0:28:58]} 35. Qxb5 {[%clk 0:01:51]} Nd4
{[%clk 0:28:56]} 36. Qxc4 {[%clk 0:01:40]} g5 {[%clk 0:28:39]} 37. Kg2
{[%clk 0:02:04]} g4 {[%clk 0:28:54]} 38. Qd5 {[%clk 0:01:43]} f5 {[%clk 0:28:12]}
39. b4 {[%clk 0:01:54]} Rd2 {[%clk 0:28:36]} 40. Qe5+ {[%clk 0:02:10]} Kg6
{[%clk 0:28:51]} 41. Qe8+ {[%clk 0:01:28]} Kf6 {[%clk 0:29:03]} 42. Qxh5
{[%clk 0:01:18]} Nf3 {[%clk 0:29:29]} 43. Qh8+ {[%clk 0:01:07]} Kg6
{[%clk 0:29:42]} 44. Qe8+ {[%clk 0:01:27]} Kg7 {[%clk 0:29:58]} 45. b5
{[%clk 0:01:42]} Rd1 {[%clk 0:29:57]} 46. b6 {[%clk 0:01:42]} Ne1+
{[%clk 0:29:50]} 47. Kh1 {[%clk 0:02:09]} Nf3 {[%clk 0:30:07]} 48. Qe2
{[%clk 0:01:32]} Rb1 {[%clk 0:30:11]} 49. h3 {[%clk 0:00:40]} Rxb6
{[%clk 0:30:24]} 50. Qe7+ {[%clk 0:00:57]} Kg6 {[%clk 0:30:17]} 51. hxg4
{[%clk 0:01:11]} fxg4 {[%clk 0:30:37]} 52. Bd3+ {[%clk 0:01:14]} Kh6
{[%clk 0:30:32]} 53. Qe3+ {[%clk 0:01:39]} 1-0

[Event "Torneio Nacional de Mestres e Honra"]
[Site "Centro de Estagio do Jamor"]
[Date "2019.08.14"]
[Round "2.2"]
[White "Rodrigues, Afonso"]
[Black "Rocha, Sergio"]
[Result "0-1"]
[BlackElo "2353"]
[WhiteElo "2134"]
[WhiteTeam "A.Xat - Montemor-O-Novo"]
[BlackTeam "FC Barreirense"]
[LiveChessVersion "1.4.8"]

1. d4 {[%clk 1:29:10]} Nf6 {[%clk 1:30:52]} 2. Bf4 {[%clk 1:28:58]} g6
{[%clk 1:31:12]} 3. e3 {[%clk 1:29:15]} Bg7 {[%clk 1:31:37]} 4. Nf3
{[%clk 1:29:33]} O-O {[%clk 1:31:59]} 5. Be2 {[%clk 1:29:46]} d6 {[%clk 1:32:23]}
6. h3 {[%clk 1:29:58]} Nfd7 {[%clk 1:32:41]} 7. O-O {[%clk 1:29:19]} e5
{[%clk 1:32:55]} 8. Bh2 {[%clk 1:29:03]} Nc6 {[%clk 1:33:15]} 9. c4
{[%clk 1:26:24]} f5 {[%clk 1:32:27]} 10. Nc3 {[%clk 1:25:41]} g5 {[%clk 1:27:05]}
11. dxe5 {[%clk 1:25:53]} dxe5 {[%clk 1:27:19]} 12. a3 {[%clk 0:47:56]} e4
{[%clk 1:22:17]} 13. Nd4 {[%clk 0:41:40]} Nxd4 {[%clk 1:12:47]} 14. exd4
{[%clk 0:41:33]} Nf6 {[%clk 1:11:13]} 15. Be5 {[%clk 0:38:32]} Be6
{[%clk 1:11:08]} 16. Nb5 {[%clk 0:31:02]} Rf7 {[%clk 1:08:22]} 17. d5
{[%clk 0:28:34]} Bc8 {[%clk 1:08:26]} 18. Qd4 {[%clk 0:24:23]} a6
{[%clk 1:06:23]} 19. Nc3 {[%clk 0:24:33]} Qf8 {[%clk 1:02:49]} 20. c5
{[%clk 0:20:38]} Nd7 {[%clk 0:58:50]} 21. Bxg7 {[%clk 0:20:36]} Qxg7
{[%clk 0:59:14]} 22. Qxg7+ {[%clk 0:19:02]} Kxg7 {[%clk 0:59:37]} 23. b4
{[%clk 0:19:06]} Nf6 {[%clk 0:59:48]} 24. Rfd1 {[%clk 0:17:33]} Bd7
{[%clk 0:58:55]} 25. d6 {[%clk 0:14:29]} c6 {[%clk 0:58:00]} 26. Bc4
{[%clk 0:14:43]} Rff8 {[%clk 0:58:26]} 27. a4 {[%clk 0:14:25]} Rfe8
{[%clk 0:58:18]} 28. b5 {[%clk 0:14:14]} Re5 {[%clk 0:58:26]} 29. bxa6
{[%clk 0:13:06]} bxa6 {[%clk 0:58:50]} 30. Rab1 {[%clk 0:12:57]} Rxc5
{[%clk 0:58:43]} 31. Rd4 {[%clk 0:13:24]} a5 {[%clk 0:58:04]} 32. Rb7
{[%clk 0:13:15]} Kg6 {[%clk 0:57:57]} 33. g4 {[%clk 0:12:46]} Rd8
{[%clk 0:56:41]} 34. gxf5+ {[%clk 0:09:02]} Bxf5 {[%clk 0:56:44]} 35. Kg2
{[%clk 0:08:48]} h5 {[%clk 0:54:21]} 36. Nd1 {[%clk 0:07:19]} Nd5
{[%clk 0:53:49]} 37. d7 {[%clk 0:03:25]} Rxd7 {[%clk 0:49:04]} 38. Rxd7
{[%clk 0:03:21]} Bxd7 {[%clk 0:49:28]} 39. Rxe4 {[%clk 0:03:42]} Nf4+
{[%clk 0:49:37]} 40. Kh2 {[%clk 0:03:34]} Bxh3 {[%clk 0:48:53]} 41. Ne3
{[%clk 0:03:55]} Bf5 42. Re8 {[%clk 0:03:29]} Bd3 {[%clk 0:45:12]} 43. Bb3
{[%clk 0:01:24]} Kf6 {[%clk 0:43:22]} 44. Rh8 {[%clk 0:01:01]} Be4
{[%clk 0:41:52]} 45. Re8 {[%clk 0:00:49]} Bd5 {[%clk 0:40:59]} 46. Bc2
{[%clk 0:01:15]} Bf7 {[%clk 0:40:53]} 47. Rd8 {[%clk 0:00:39]} Nd5
{[%clk 0:40:55]} 48. Bd3 {[%clk 0:00:33]} Nxe3 {[%clk 0:40:43]} 49. fxe3
{[%clk 0:01:02]} Rd5 {[%clk 0:40:59]} 0-1

[Event "Torneio Nacional de Mestres e Honra"]
[Site "Centro de Estagio do Jamor"]
[Date "2019.08.14"]
[Round "2.3"]
[White "Dias, Paulo"]
[Black "Reis, Luis Sousa"]
[Result "1-0"]
[BlackElo "2161"]
[WhiteElo "2314"]
[WhiteTeam "A.Xat - Montemor-O-Novo"]
[BlackTeam "Axportugal /Atlantidiagonal"]
[LiveChessVersion "1.4.8"]

1. Nf3 {[%clk 1:30:44]} Nf6 {[%clk 1:29:33]} 2. d4 {[%clk 1:30:49]} c5
{[%clk 1:28:12]} 3. d5 {[%clk 1:30:07]} b5 {[%clk 1:25:56]} 4. Bg5
{[%clk 1:21:09]} d6 {[%clk 1:01:22]} 5. Bxf6 {[%clk 1:13:04]} exf6
{[%clk 0:51:40]} 6. e4 {[%clk 1:11:29]} a6 {[%clk 0:50:57]} 7. c4
{[%clk 1:08:05]} bxc4 {[%clk 0:33:28]} 8. Bxc4 {[%clk 1:01:55]} g6
{[%clk 0:32:42]} 9. O-O {[%clk 1:00:53]} Bg7 {[%clk 0:32:21]} 10. Nc3
{[%clk 0:56:21]} O-O {[%clk 0:31:44]} 11. Re1 {[%clk 0:54:48]} Re8
{[%clk 0:29:57]} 12. Bb3 {[%clk 0:46:18]} Ra7 {[%clk 0:24:36]} 13. Nd2
{[%clk 0:42:59]} f5 {[%clk 0:15:38]} 14. Ba4 {[%clk 0:42:24]} Ree7
{[%clk 0:15:17]} 15. Qf3 {[%clk 0:29:05]} Nd7 {[%clk 0:13:00]} 16. Bxd7
{[%clk 0:26:41]} Bxd7 {[%clk 0:12:39]} 17. Nc4 {[%clk 0:26:38]} Bb5
{[%clk 0:12:13]} 18. Nd2 {[%clk 0:22:45]} fxe4 {[%clk 0:11:26]} 19. Ndxe4
{[%clk 0:22:13]} f5 {[%clk 0:10:59]} 20. Nd2 {[%clk 0:22:17]} Rxe1+
{[%clk 0:10:06]} 21. Rxe1 {[%clk 0:22:44]} Re7 {[%clk 0:10:08]} 22. Re6
{[%clk 0:17:22]} Bd7 {[%clk 0:09:39]} 23. Rxe7 {[%clk 0:14:55]} Qxe7
{[%clk 0:10:00]} 24. Qe3 {[%clk 0:15:04]} Kf7 {[%clk 0:08:47]} 25. Nc4
{[%clk 0:08:53]} Bb5 {[%clk 0:07:39]} 26. Na5 {[%clk 0:06:36]} Bd4
{[%clk 0:06:48]} 27. Qxe7+ {[%clk 0:06:57]} Kxe7 {[%clk 0:07:14]} 28. Nxb5
{[%clk 0:03:15]} axb5 {[%clk 0:07:27]} 29. Nc6+ {[%clk 0:03:43]} Kf6
{[%clk 0:01:32]} 30. Nxd4 {[%clk 0:03:59]} cxd4 {[%clk 0:01:30]} 31. f4
{[%clk 0:01:52]} g5 {[%clk 0:01:19]} 32. g3 {[%clk 0:01:48]} g4 {[%clk 0:00:54]}
33. Kf2 {[%clk 0:01:39]} Ke7 {[%clk 0:01:12]} 34. Ke2 {[%clk 0:01:50]} Kd7
{[%clk 0:01:37]} 35. Kd3 {[%clk 0:01:28]} Kc7 {[%clk 0:02:01]} 36. Kxd4
{[%clk 0:01:54]} Kb6 {[%clk 0:02:27]} 37. a3 {[%clk 0:00:43]} Ka5
{[%clk 0:02:41]} 38. b3 {[%clk 0:00:54]} Kb6 {[%clk 0:02:12]} 39. Kc3
{[%clk 0:00:32]} Ka5 {[%clk 0:02:11]} 40. Kd4 {[%clk 0:00:31]} Kb6
{[%clk 0:02:15]} 41. b4 {[%clk 0:00:42]} Ka6 {[%clk 0:02:20]} 42. Ke3
{[%clk 0:00:57]} Kb6 {[%clk 0:02:35]} 43. Kf2 {[%clk 0:01:14]} Ka6
{[%clk 0:02:54]} 44. Kg2 {[%clk 0:01:31]} Kb6 {[%clk 0:03:19]} 45. h4
{[%clk 0:01:35]} h5 {[%clk 0:02:35]} 46. Kf2 {[%clk 0:01:59]} Ka6
{[%clk 0:03:02]} 47. Ke3 {[%clk 0:02:24]} Kb6 {[%clk 0:03:29]} 48. Kd4
{[%clk 0:02:39]} Ka6 {[%clk 0:03:53]} 49. Kc3 {[%clk 0:03:03]} Kb6
{[%clk 0:04:16]} 50. Kb3 {[%clk 0:02:38]} Ka6 {[%clk 0:04:41]} 51. a4
{[%clk 0:01:42]} Kb6 {[%clk 0:05:06]} 52. Ka3 {[%clk 0:01:39]} Ka6
{[%clk 0:04:59]} 53. axb5+ {[%clk 0:01:58]} Kxb5 {[%clk 0:05:24]} 54. Kb3
{[%clk 0:02:18]} 1-0

[Event "Torneio Nacional de Mestres e Honra"]
[Site "Centro de Estagio do Jamor"]
[Date "2019.08.14"]
[Round "2.4"]
[White "Fidalgo, Andre"]
[Black "Margarido, Jose"]
[Result "1-0"]
[BlackElo "2135"]
[WhiteElo "2261"]
[WhiteTeam "Santoantoniense FC"]
[BlackTeam "Profigaia/ Escola Profiss"]
[LiveChessVersion "1.4.8"]

1. d4 {[%clk 1:30:56]} Nf6 {[%clk 1:30:56]} 2. c4 {[%clk 1:31:18]} e6
{[%clk 1:31:24]} 3. g3 {[%clk 1:31:41]} d5 {[%clk 1:27:55]} 4. Nf3
{[%clk 1:32:04]} Bb4+ {[%clk 1:28:19]} 5. Bd2 {[%clk 1:32:28]} Be7
{[%clk 1:28:48]} 6. Bg2 {[%clk 1:32:50]} O-O {[%clk 1:29:17]} 7. Qc2
{[%clk 1:32:25]} Nbd7 {[%clk 1:27:48]} 8. O-O {[%clk 1:32:29]} Ne4
{[%clk 1:28:17]} 9. Rc1 {[%clk 1:27:59]} c6 {[%clk 1:27:47]} 10. Be1
{[%clk 1:28:03]} f5 {[%clk 1:25:53]} 11. b4 {[%clk 1:26:46]} g5 {[%clk 1:19:18]}
12. b5 {[%clk 1:16:33]} g4 {[%clk 1:13:13]} 13. Nfd2 {[%clk 1:12:19]} Ng5
{[%clk 1:06:53]} 14. f4 {[%clk 1:01:55]} gxf3 {[%clk 0:58:53]} 15. exf3
{[%clk 1:01:01]} Nf6 {[%clk 0:55:01]} 16. bxc6 {[%clk 0:58:08]} bxc6
{[%clk 0:55:16]} 17. Bf2 {[%clk 0:58:18]} Bd7 {[%clk 0:48:48]} 18. Nc3
{[%clk 0:54:53]} h5 {[%clk 0:42:17]} 19. c5 {[%clk 0:51:05]} Rf7 {[%clk 0:40:31]}
20. h4 {[%clk 0:48:34]} Ngh7 {[%clk 0:41:01]} 21. Ne2 {[%clk 0:48:47]} Nf8
{[%clk 0:31:26]} 22. Nf4 {[%clk 0:48:23]} Rg7 {[%clk 0:30:59]} 23. Re1
{[%clk 0:45:56]} Qc8 {[%clk 0:29:08]} 24. Nb3 {[%clk 0:32:58]} Bd8
{[%clk 0:22:37]} 25. Nc1 {[%clk 0:32:26]} Bc7 {[%clk 0:21:17]} 26. Ncd3
{[%clk 0:32:46]} Ng6 {[%clk 0:18:38]} 27. Nxg6 {[%clk 0:31:05]} Rxg6
{[%clk 0:19:08]} 28. Ne5 {[%clk 0:31:25]} Rg7 {[%clk 0:19:24]} 29. Kh2
{[%clk 0:28:25]} Be8 {[%clk 0:19:08]} 30. Be3 {[%clk 0:28:33]} Bxe5
{[%clk 0:12:29]} 31. dxe5 {[%clk 0:28:52]} Nh7 {[%clk 0:12:34]} 32. Bf1
{[%clk 0:25:41]} Qc7 {[%clk 0:08:41]} 33. f4 {[%clk 0:24:00]} Rd7
{[%clk 0:08:51]} 34. Bd4 {[%clk 0:24:02]} Rdd8 {[%clk 0:09:05]} 35. Qc3
{[%clk 0:19:21]} Rdb8 {[%clk 0:09:05]} 36. Rab1 {[%clk 0:19:45]} Rxb1
{[%clk 0:08:30]} 37. Rxb1 {[%clk 0:20:06]} Rb8 {[%clk 0:08:47]} 38. Rxb8
{[%clk 0:15:58]} Qxb8 {[%clk 0:09:17]} 39. Qb2 {[%clk 0:16:18]} Qxb2+
{[%clk 0:06:42]} 40. Bxb2 {[%clk 0:16:41]} Nf8 {[%clk 0:03:21]} 41. Ba6
{[%clk 0:15:35]} Kf7 {[%clk 0:02:39]} 42. Bb7 {[%clk 0:11:38]} Nd7
{[%clk 0:02:00]} 43. Ba3 {[%clk 0:10:50]} Nb8 {[%clk 0:02:01]} 44. Bb4
{[%clk 0:11:10]} Ke7 {[%clk 0:02:22]} 45. Kg2 {[%clk 0:11:11]} Kd8
{[%clk 0:00:59]} 46. Ba5+ {[%clk 0:11:34]} Kd7 {[%clk 0:01:13]} 47. Kf2
{[%clk 0:11:52]} Bg6 {[%clk 0:01:13]} 48. Ke3 {[%clk 0:12:13]} Bf7
{[%clk 0:01:09]} 49. Kd4 {[%clk 0:11:58]} Bg6 {[%clk 0:01:18]} 50. a4
{[%clk 0:12:10]} Be8 {[%clk 0:01:31]} 51. Kc3 {[%clk 0:08:06]} Bg6
{[%clk 0:01:49]} 52. Kd3 {[%clk 0:05:59]} Bf7 {[%clk 0:01:59]} 53. Kd4
{[%clk 0:06:13]} Be8 {[%clk 0:02:19]} 54. Kc3 {[%clk 0:06:19]} Bg6
{[%clk 0:02:41]} 55. Kb4 {[%clk 0:06:43]} Be8 {[%clk 0:03:08]} 56. Bb6
{[%clk 0:03:59]} axb6 {[%clk 0:03:24]} 57. cxb6 {[%clk 0:04:23]} Kd8
{[%clk 0:03:11]} 58. a5 {[%clk 0:04:44]} Nd7 {[%clk 0:00:45]} 59. Bxc6
{[%clk 0:04:44]} Nb8 {[%clk 0:00:54]} 60. Bxe8 {[%clk 0:01:39]} Kxe8
{[%clk 0:01:21]} 61. Kb5 {[%clk 0:02:00]} Kd7 {[%clk 0:00:34]} 62. a6
{[%clk 0:02:25]} d4 {[%clk 0:00:33]} 63. a7 {[%clk 0:02:45]} 1-0

[Event "Torneio Nacional de Mestres e Honra"]
[Site "Centro de Estagio do Jamor"]
[Date "2019.08.14"]
[Round "2.5"]
[White "Eggert, Alberto"]
[Black "Fernandes, Miguel"]
[Result "0-1"]
[BlackElo "2108"]
[WhiteElo "2103"]
[WhiteTeam "Amadora Xadrez"]
[BlackTeam "Aa Coimbra"]
[LiveChessVersion "1.4.8"]

1. Nf3 {[%clk 1:30:47]} d5 {[%clk 1:30:50]} 2. d4 {[%clk 1:30:52]} Nf6
{[%clk 1:31:10]} 3. c4 {[%clk 1:30:50]} c6 {[%clk 1:31:33]} 4. cxd5
{[%clk 1:30:23]} cxd5 {[%clk 1:31:53]} 5. Nc3 {[%clk 1:30:41]} Nc6
{[%clk 1:32:07]} 6. Bf4 {[%clk 1:30:57]} a6 {[%clk 1:32:23]} 7. e3
{[%clk 1:31:05]} Bg4 {[%clk 1:32:39]} 8. Be2 {[%clk 1:30:48]} e6 {[%clk 1:32:52]}
9. O-O {[%clk 1:30:44]} Bd6 {[%clk 1:32:40]} 10. Bxd6 {[%clk 1:22:38]} Qxd6
{[%clk 1:33:02]} 11. Rc1 {[%clk 1:20:45]} O-O {[%clk 1:33:10]} 12. Na4
{[%clk 1:19:55]} Nd7 {[%clk 1:30:45]} 13. h3 {[%clk 1:13:48]} Bh5
{[%clk 1:30:42]} 14. Qb3 {[%clk 1:02:54]} b5 {[%clk 1:26:05]} 15. Nc5
{[%clk 1:02:37]} Rfc8 {[%clk 1:20:20]} 16. Nxd7 {[%clk 0:55:30]} Qxd7
{[%clk 1:20:39]} 17. Qa3 {[%clk 0:55:51]} Bxf3 {[%clk 1:19:51]} 18. Bxf3
{[%clk 0:55:58]} Nd8 {[%clk 1:12:08]} 19. b3 {[%clk 0:55:20]} Nb7
{[%clk 1:07:21]} 20. Be2 {[%clk 0:54:49]} Qd6 {[%clk 1:06:19]} 21. Qb2
{[%clk 0:53:43]} b4 {[%clk 0:57:28]} 22. Rc2 {[%clk 0:51:21]} a5 {[%clk 0:54:54]}
23. Rfc1 {[%clk 0:46:23]} Qd8 {[%clk 0:49:12]} 24. Bd3 {[%clk 0:39:15]} Nd6
{[%clk 0:48:06]} 25. Rc5 {[%clk 0:39:11]} g6 {[%clk 0:46:45]} 26. Qe2
{[%clk 0:34:33]} Nb7 {[%clk 0:43:05]} 27. Rc6 {[%clk 0:31:22]} Rxc6
{[%clk 0:42:33]} 28. Rxc6 {[%clk 0:31:46]} Rc8 {[%clk 0:42:46]} 29. Qc2
{[%clk 0:31:35]} Rxc6 {[%clk 0:43:01]} 30. Qxc6 {[%clk 0:31:59]} Nd6
{[%clk 0:43:20]} 31. Kf1 {[%clk 0:32:03]} Kg7 {[%clk 0:42:48]} 32. Ke2
{[%clk 0:26:37]} h6 {[%clk 0:42:04]} 33. f3 {[%clk 0:24:33]} Nf5 {[%clk 0:41:46]}
34. Bxf5 {[%clk 0:22:58]} gxf5 {[%clk 0:42:06]} 35. g3 {[%clk 0:18:25]} Kg6
{[%clk 0:39:00]} 36. Kd3 {[%clk 0:18:19]} Kg7 {[%clk 0:38:29]} 37. h4
{[%clk 0:15:47]} h5 {[%clk 0:37:37]} 38. Qc5 {[%clk 0:16:06]} Qa8
{[%clk 0:36:27]} 39. Qd6 {[%clk 0:10:34]} Qc8 {[%clk 0:36:37]} 40. Qc5
{[%clk 0:10:41]} Qa6+ {[%clk 0:35:13]} 41. Kd2 {[%clk 0:11:04]} Qf1
{[%clk 0:34:25]} 42. Qxa5 {[%clk 0:07:36]} Qf2+ {[%clk 0:34:50]} 43. Kd3
{[%clk 0:07:52]} Qe1 {[%clk 0:33:56]} 44. Kc2 {[%clk 0:08:10]} Qc3+
{[%clk 0:29:25]} 45. Kb1 {[%clk 0:08:24]} Qd3+ {[%clk 0:29:18]} 46. Kb2
{[%clk 0:08:40]} Qd2+ {[%clk 0:29:36]} 47. Kb1 {[%clk 0:09:01]} Qd1+
{[%clk 0:29:29]} 48. Kb2 {[%clk 0:09:25]} Qe2+ {[%clk 0:29:51]} 49. Kb1
{[%clk 0:09:47]} Qe1+ {[%clk 0:30:14]} 50. Kb2 {[%clk 0:10:12]} Qxg3
{[%clk 0:29:11]} 51. Qxb4 {[%clk 0:10:11]} Qxh4 {[%clk 0:29:35]} 52. a4
{[%clk 0:06:17]} Qf2+ {[%clk 0:29:21]} 53. Ka3 {[%clk 0:06:43]} h4
{[%clk 0:28:48]} 54. Qe7 {[%clk 0:06:47]} Qg3 {[%clk 0:28:59]} 55. a5
{[%clk 0:03:30]} h3 {[%clk 0:29:05]} 56. a6 {[%clk 0:01:57]} h2 {[%clk 0:29:12]}
57. Kb4 {[%clk 0:01:40]} h1=Q {[%clk 0:28:34]} 58. a7 {[%clk 0:01:43]} Qa1
{[%clk 0:27:36]} 59. Kb5 {[%clk 0:01:55]} Qxf3 {[%clk 0:25:29]} 60. Kb6
{[%clk 0:00:46]} Qxe3 {[%clk 0:25:18]} 61. Kb7 {[%clk 0:00:46]} Qxb3+
{[%clk 0:24:57]} 62. Ka8 0-1

[Event "Torneio Nacional de Mestres e Honra"]
[Site "Centro de Estagio do Jamor"]
[Date "2019.08.14"]
[Round "2.6"]
[White "Bartolo, Filipe"]
[Black "Correia, Pedro"]
[Result "1-0"]
[BlackElo "1525"]
[WhiteElo "1705"]
[WhiteTeam "Gx Alekhine"]
[BlackTeam "Axportugal /Atlantidiagon"]
[LiveChessVersion "1.4.8"]

1. d4 {[%clk 1:30:57]} c5 {[%clk 1:30:55]} 2. d5 {[%clk 1:31:20]} f5
{[%clk 1:31:20]} 3. g3 {[%clk 1:28:26]} Nf6 {[%clk 1:29:53]} 4. c4
{[%clk 1:25:40]} d6 {[%clk 1:20:45]} 5. Bg2 {[%clk 1:25:06]} g6 {[%clk 1:20:45]}
6. Nf3 {[%clk 1:24:40]} Bg7 {[%clk 1:20:38]} 7. O-O {[%clk 1:23:49]} O-O
{[%clk 1:15:16]} 8. Nc3 {[%clk 1:23:48]} Nbd7 {[%clk 1:13:02]} 9. Rb1
{[%clk 1:08:48]} Nb6 {[%clk 1:08:07]} 10. b3 {[%clk 1:07:22]} Nh5
{[%clk 1:05:02]} 11. Bb2 {[%clk 1:05:04]} Bf6 {[%clk 0:52:59]} 12. Re1
{[%clk 0:55:16]} a6 {[%clk 0:45:06]} 13. e4 {[%clk 0:54:49]} Qc7 14. a4
{[%clk 0:53:31]} Ng7 {[%clk 0:35:23]} 15. exf5 {[%clk 0:45:45]} Bxf5
{[%clk 0:34:26]} 16. Ne4 {[%clk 0:46:00]} Bxb2 {[%clk 0:29:00]} 17. Rxb2
{[%clk 0:46:24]} Rae8 {[%clk 0:20:31]} 18. Nh4 {[%clk 0:39:44]} Nd7
{[%clk 0:17:45]} 19. Nxf5 {[%clk 0:39:41]} Nxf5 {[%clk 0:17:54]} 20. Ng5
{[%clk 0:38:33]} Nd4 {[%clk 0:17:19]} 21. f4 {[%clk 0:38:23]} h6 {[%clk 0:13:07]}
22. Ne6 {[%clk 0:38:12]} Nxe6 {[%clk 0:13:14]} 23. Rxe6 {[%clk 0:38:29]} Rf6
{[%clk 0:12:33]} 24. Qg4 {[%clk 0:37:44]} Nf8 {[%clk 0:11:54]} 25. Re3
{[%clk 0:37:21]} Qd7 {[%clk 0:10:51]} 26. Qh4 {[%clk 0:36:49]} Kg7
{[%clk 0:09:43]} 27. Rbe2 {[%clk 0:36:40]} h5 {[%clk 0:05:51]} 28. Bh3
{[%clk 0:35:24]} e6 {[%clk 0:04:49]} 29. Kf2 {[%clk 0:26:59]} Re7
{[%clk 0:04:05]} 30. dxe6 {[%clk 0:25:56]} Qe8 {[%clk 0:03:55]} 31. Qg5
{[%clk 0:24:47]} Nh7 {[%clk 0:04:04]} 32. Qd5 {[%clk 0:25:00]} g5
{[%clk 0:03:56]} 33. f5 {[%clk 0:25:16]} g4 {[%clk 0:03:27]} 34. Bg2
{[%clk 0:25:34]} Qf8 {[%clk 0:03:16]} 35. Qxd6 {[%clk 0:23:02]} Rxf5+
{[%clk 0:03:09]} 36. Kg1 {[%clk 0:23:23]} Ng5 {[%clk 0:03:02]} 37. Re1
{[%clk 0:22:56]} Nf3+ {[%clk 0:02:01]} 38. Bxf3 {[%clk 0:23:11]} gxf3
{[%clk 0:01:12]} 39. Kf2 {[%clk 0:22:39]} Qf6 {[%clk 0:01:31]} 40. Re5
{[%clk 0:22:44]} Rxe6 {[%clk 0:01:10]} 41. Qxe6 {[%clk 0:23:03]} 1-0

[Event "Torneio Nacional de Mestres e Honra"]
[Site "Centro de Estagio do Jamor"]
[Date "2019.08.14"]
[Round "2.7"]
[White "Guia, Artur"]
[Black "Horta, Antonio"]
[Result "1/2-1/2"]
[BlackElo "1843"]
[WhiteElo "1808"]
[WhiteTeam "Axportugal /Atlantidiagon"]
[BlackTeam "Amadora Xadrez"]
[LiveChessVersion "1.4.8"]

1. b3 {[%clk 1:30:55]} e5 {[%clk 1:28:51]} 2. Bb2 {[%clk 1:31:18]} d6
{[%clk 1:29:10]} 3. e3 {[%clk 1:31:41]} Nf6 {[%clk 1:22:38]} 4. c4
{[%clk 1:30:32]} Nbd7 {[%clk 1:20:43]} 5. d4 {[%clk 1:30:17]} Qe7
{[%clk 1:15:37]} 6. Nf3 {[%clk 1:29:25]} exd4 {[%clk 1:15:32]} 7. Qxd4
{[%clk 1:29:39]} Nc5 {[%clk 1:15:23]} 8. Be2 {[%clk 1:28:11]} Ne6
{[%clk 1:13:01]} 9. Qd3 {[%clk 1:26:34]} g6 {[%clk 1:12:12]} 10. Nc3
{[%clk 1:21:55]} Bg7 {[%clk 1:12:28]} 11. O-O {[%clk 1:20:14]} O-O
{[%clk 1:12:46]} 12. Nd5 {[%clk 1:17:28]} Nxd5 {[%clk 0:48:09]} 13. Bxg7
{[%clk 1:17:14]} Nxg7 {[%clk 0:45:33]} 14. cxd5 {[%clk 1:17:31]} Bf5
{[%clk 0:45:21]} 15. Qc3 {[%clk 1:17:36]} Be4 {[%clk 0:44:55]} 16. Rac1
{[%clk 1:17:25]} Rac8 {[%clk 0:44:57]} 17. Qa5 {[%clk 1:16:22]} Nf5
{[%clk 0:40:36]} 18. Rfd1 {[%clk 1:12:08]} a6 {[%clk 0:25:09]} 19. Qb4
{[%clk 1:11:25]} Rb8 {[%clk 0:21:44]} 20. Rc4 {[%clk 1:07:52]} Rfe8
{[%clk 0:22:14]} 21. Qc3 {[%clk 0:55:00]} c5 {[%clk 0:20:33]} 22. dxc6
{[%clk 0:54:33]} Bxc6 {[%clk 0:11:53]} 23. Nd4 {[%clk 0:53:20]} Nxd4
{[%clk 0:10:46]} 24. Rcxd4 {[%clk 0:52:39]} Rbd8 {[%clk 0:11:15]} 25. Qb4
{[%clk 0:52:22]} Qg5 {[%clk 0:11:21]} 26. Rg4 {[%clk 0:51:56]} Qc5
{[%clk 0:11:09]} 27. Rgd4 {[%clk 0:48:37]} Qxb4 {[%clk 0:10:02]} 28. Rxb4
{[%clk 0:49:02]} Re5 {[%clk 0:10:29]} 29. Rbd4 {[%clk 0:49:20]} Rc5
{[%clk 0:10:51]} 30. R4d2 {[%clk 0:47:16]} Kf8 {[%clk 0:11:00]} 31. h4
{[%clk 0:46:10]} Ke7 {[%clk 0:10:33]} 32. Kh2 {[%clk 0:44:28]} g5
{[%clk 0:08:40]} 33. h5 {[%clk 0:42:40]} h6 {[%clk 0:08:24]} 34. Kg3
{[%clk 0:42:21]} Re5 {[%clk 0:06:16]} 35. Rc1 {[%clk 0:42:05]} Rd7
{[%clk 0:05:40]} 36. Bxa6 {[%clk 0:37:39]} Bxg2 {[%clk 0:05:05]} 37. Kxg2
{[%clk 0:37:58]} bxa6 {[%clk 0:05:34]} 38. Rc6 {[%clk 0:38:19]} a5
{[%clk 0:05:50]} 39. Kg3 {[%clk 0:37:59]} f5 {[%clk 0:05:21]} 40. Rc8
{[%clk 0:38:00]} f4+ {[%clk 0:05:29]} 41. exf4 {[%clk 0:35:41]} gxf4+
{[%clk 0:05:57]} 42. Kh4 {[%clk 0:35:18]} d5 {[%clk 0:02:41]} 43. Rh8
{[%clk 0:35:21]} Rd6 {[%clk 0:02:33]} 44. Rc2 {[%clk 0:34:12]} Kd7
{[%clk 0:02:25]} 45. Rh7+ {[%clk 0:33:38]} Re7 {[%clk 0:02:53]} 46. Rxe7+
{[%clk 0:24:31]} Kxe7 {[%clk 0:03:22]} 47. Kg4 {[%clk 0:24:52]} Rf6
{[%clk 0:02:51]} 48. Rc5 {[%clk 0:25:06]} Kd6 {[%clk 0:03:21]} 49. Rxa5
{[%clk 0:25:03]} Ke5 {[%clk 0:03:50]} 50. f3 {[%clk 0:18:28]} Kd4
{[%clk 0:03:39]} 51. a4 {[%clk 0:17:56]} Rf8 {[%clk 0:01:42]} 52. Rb5
{[%clk 0:17:36]} Rd8 {[%clk 0:01:31]} 53. Kxf4 {[%clk 0:14:13]} Kc3
{[%clk 0:01:33]} 54. Rc5+ {[%clk 0:06:10]} Kd2 {[%clk 0:02:01]} 1/2-1/2